000 00942cam a2200277 i 4500
001 41047
003 Mx-PuUPA
005 20240904204604.0
008 140415s2015 mx a r 000 0 spa d
020 _a9786070091964
040 _aMx-PuUPA
_bspa
_cMx-PuUPA
_dMx-PuUPA
_erda
041 0 _aspa
100 1 _aGarrido Escalante, Víctor Manuel,
_eautor
_98257
245 1 0 _aEntorno al chocolate /
_cVíctor Manuel Garrido Escalante
250 _a1a. edición
264 1 _aSan Luis Potosí, México :
_b[Editor no identificado],
_c2015
300 _a174 páginas :
_bilustraciones ;
_c27 cm
336 _2rdacontent
_atexto
_btxt
337 _2rdamedia
_asin medio
_bn
338 _2rdacarrier
_avolumen
_bnc
650 7 _2armarc
_aChocolate
_xProcesamiento
650 7 _2armarc
_aIndustria y comercio de alimentos
_xControl de calidad
942 _2ddc
_cLI
_h663.92
_iG212
999 _c41047
_d41047